| 000 | 00515nam a2200181 4500 | ||
|---|---|---|---|
| 001 | 4531 | ||
| 005 | 20240117135404.0 | ||
| 008 | 240117b |||||||| |||| 00| 0 eng d | ||
| 020 | 0 | 0 | _a9789993682714 |
| 090 | 0 | 0 | _a241.317 |
| 100 | 0 | 0 | _aDorji, Jambay, |
| 245 | 0 | 0 |
_aThe palace of good fortune and good luck vases / _cJambay Dorji. |
| 260 | 0 | 0 |
_aThimphu : _bKuensel Corporation, _c2014. |
| 300 | 0 | 0 | _a128 p. ; 25 cm. |
| 650 | _aBuddhist art and symbolism. | ||
| 650 | 0 | 0 | _aBuddhist antiquities. |
| 942 |
_2ddc _cMAIN |
||
| 999 |
_c3754 _d3754 |
||